00445nam a2200157Ia 4500008004100000020001400041082001200055100002200067245004700089250000800136260004800144300002700192500001900219600003300238650001600271240925s9999 xx 000 0 und d a534100627 a510 KUH aKuhfilling, Peter 0aBasic Technical Mathematics with Calculus  a2nd aCalifornia:bBrook/ Cale Publishingc,1989. aix,966p.bNAfOriginal aIncludes Index aHumanities & Natural Science aMathematics